书目信息 |
| 题名: |
生物课程与教学论
|
|
| 作者: | 吴志华 , 史立平 主编 | |
| 分册: | ||
| 出版信息: | 北京 北京师范大学出版社 2012 |
|
| 页数: | 266页 | |
| 开本: | 23cm | |
| 丛书名: | ||
| 单 册: | ||
| 中图分类: | G633.912 | |
| 科图分类: | ||
| 主题词: | 生物课--教学研究--中学--师资培训--教材 | |
| 电子资源: | ||
| ISBN: | 978-7-303-14397-9 | |
| 000 | 00975nam0 2200253 450 | |
| 001 | 012015000464 | |
| 005 | 20150914151829.68 | |
| 010 | @a978-7-303-14397-9@dCNY29.00 | |
| 100 | @a20120930d2012 em y0chiy50 ea | |
| 101 | 0 | @achi |
| 102 | @aCN@b110000 | |
| 105 | @ay z 000yy | |
| 106 | @ar | |
| 200 | 1 | @a生物课程与教学论@Asheng wu ke cheng yu jiao xue lun@f吴志华,史立平主编 |
| 210 | @a北京@c北京师范大学出版社@d2012 | |
| 215 | @a266页@d23cm | |
| 300 | @a教师教育“十二五”规划教材 | |
| 330 | @a本书以当前基础教育课程改革为依托,在一个比较宽阔的视野中全面深入地阐述了与当前基础教育发展相匹配的中学生物课程与教学等方面的基本理论,探讨生物教学的基本规律、教学方法及教学设计、课程教学评价等,并在理论阐述中渗透了丰富生动的实践案例。 | |
| 606 | 0 | @a生物课@x教学研究@x中学@x师资培训@j教材 |
| 690 | @aG633.912@v5 | |
| 701 | 0 | @a吴志华@Awu zhi hua@4主编 |
| 701 | 0 | @a史立平@Ashi li ping@4主编 |
| 801 | 0 | @aCN@b碧洲教育@c20150716 |
| 905 | @a10447@f4@dG633.912@e142 | |
| 生物课程与教学论/吴志华,史立平主编.-北京:北京师范大学出版社,2012 |
| 266页;23cm |
| 教师教育“十二五”规划教材 |
| ISBN 978-7-303-14397-9:CNY29.00 |
| 本书以当前基础教育课程改革为依托,在一个比较宽阔的视野中全面深入地阐述了与当前基础教育发展相匹配的中学生物课程与教学等方面的基本理论,探讨生物教学的基本规律、教学方法及教学设计、课程教学评价等,并在理论阐述中渗透了丰富生动的实践案例。 |
| ● |
| 相关链接 |
|
|
|
|
正题名:生物课程与教学论
索取号:G633.912/142
 
预约/预借
| 序号 | 登录号 | 条形码 | 馆藏地/架位号 | 状态 | 备注 |
| 1 | 0849262 | 208492629 | 第一样本阅览室/ [索取号:G633.912/142] | 在馆 | |
| 2 | 0849263 | 208492638 | 第四借阅区/ [索取号:G633.912/142] | 在馆 | |
| 3 | 0849264 | 208492647 | 第四借阅区/ [索取号:G633.912/142] | 在馆 | |
| 4 | 0849265 | 208492656 | 第四借阅区/ [索取号:G633.912/142] | 在馆 |